Polscy królowie elekcyjni - nagła śmierć - Statystyki

Ogólne statystyki
  • Ten quiz został rozwiązany 60 razy
  • Średni wynik to 7 z 11
Answers on the Grid
Answers color-coded by a green-red scale on the quiz's grid according to % correct below.
Aleksander I Jagiellończyk
August II Mocny
August III Sas
Bolesław I Chrobry
Henryk Walezy
Jan I Olbracht
Jan II Kazimierz Waza
Jan III Sobieski
Kazimierz III Wielki
Ludwik I Węgierski
Michał Korybut Wiśniowiecki
Stanisław August Poniatowski
Stanisław Leszczyński
Stefan Batory
Władysław II Jagiełło
Władysław III Warneńczyk
Władysław IV Waza
Zygmunt I Stary
Zygmunt II August
Zygmunt III Waza
 
Statystyki odpowiedzi
Odpowiedź % Poprawnych
August II Mocny
83%
August III Sas
81%
Henryk Walezy
78%
Jan III Sobieski
64%
Michał Korybut Wiśniowiecki
64%
Stanisław August Poniatowski
64%
Stefan Batory
61%
Jan II Kazimierz Waza
56%
Stanisław Leszczyński
53%
Zygmunt III Waza
50%
Władysław IV Waza
47%
Nie znaleziono quizów pasujących do podanych kryteriów
Rozkład punktacji
Procent ludzi z każdym wynikiem
Percentyl według liczby udzielonych odpowiedzi
Twoja historia wyników
Nie rozwiązałeś tego quizu